[Event "Olympiad-37"]
[Site "Turin"]
[Date "2006.05.21"]
[Round "1"]
[White "Sermek, Drazen"]
[Black "Isaev, Jamshed"]
[Result "1/2-1/2"]
[WhiteElo "2523"]
[BlackElo "2416"]
[Annotator "Rogozenco,D"]
[PlyCount "93"]
[EventDate "2006.05.21"]
[EventType "team-swiss"]
[EventRounds "13"]
[EventCountry "ITA"]
[SourceTitle "CBM 113"]
[Source "ChessBase"]
[SourceDate "2006.07.31"]
[SourceVersion "1"]
[SourceVersionDate "2006.07.31"]
[SourceQuality "1"]
[WhiteTeam "Slovenia"]
[BlackTeam "Tajikistan"]
[WhiteTeamCountry "SLO"]
[BlackTeamCountry "TJK"]

1. e4 c5 2. c3 d5 3. exd5 Qxd5 4. d4 Nf6 5. Nf3 Bg4 6. dxc5 {This apparently
quiet move leads in fact to very sharp play, either in middlegame or endgame.
Nowadays 6.dxc5 is regarded as the most perspective option for White.} ({
For many years the main continuation was 6.Be2. Although it still remains
popular, these days playing 6.Be2 means that White is ready to accept an equal
middlegame rather than fight for opening advantage. Black demonstrated clear
ways to achieve a reasonable position. The main line goes:} 6. Be2 e6 7. h3 Bh5
8. O-O (8. c4 Qd8 $11) 8... Nc6 9. Be3 (9. a3 {is an interesting alternative,
trying to reduce from Black's options.}) 9... cxd4 10. cxd4 {and here both} Be7
{lead to an equal game.} ({or} 10... Bb4)) 6... Qxd1+ ({In spite of its
apparent simplicity, the position after} 6... Qxc5 {requires from Black very
good preparation in order to avoid multiple traps. Even so White's
perspectives are somewhat preferable. Here is one of the latest examples:} 7.
h3 Bd7 8. Na3 e6 9. Be3 Qa5 10. Nc4 Qc7 11. Nfe5 $14 b5 $2 12. Qf3 $16 Nc6 13.
Nxd7 Nxd7 14. Bf4 Qb7 15. Nd6+ Bxd6 16. Bxd6 Nf6 17. a4 Rd8 18. Ba3 a6 19. axb5
axb5 20. Be2 Nd5 21. Bc5 $18 {1-0 Vajda,L (2511)-Volodin,A (2352)/Turin 2006 
(31)}) 7. Kxd1 e5 8. b4 e4 ({Quiet play does not promise complete compensation
for the pawn:} 8... Nc6 9. Kc2 Bf5+ (9... Nd5 10. Bb5 f6 11. Kb2 $14) 10. Kb2
Ng4 11. Be3 $14) 9. h3 Bh5 10. g4 exf3 $2 {A rare move, clearly inferior to
the main 10...Nxg4. Sermek achieves a large advantage, but fails to convert it
into a full point.} (10... Nxg4 11. hxg4 Bxg4 12. Nbd2 $13 {/+/=}) 11. gxh5 Nc6
12. Bb5 $16 (12. h6 O-O-O+ 13. Kc2 gxh6 14. Rg1 {Feuerstack,A (2142)-Korsus,B 
(2243)/Kiel 2003. was also good for White.}) 12... Ne4 (12... Nxh5 13. Re1+ Be7
14. Nd2 $16) 13. Kc2 (13. Re1 O-O-O+ 14. Kc2 Nxf2 15. Nd2 Nxh3 16. Nxf3 $16)
13... Be7 14. Re1 Nxf2 15. Nd2 Nxh3 16. Nxf3 Kf8 17. h6 {From this moment
White starts to lose the thread. He should have simply completed development
and include the a1-rook into play.} (17. Be3 {[%csl Rh3][%cal Ge1h1]} h6 (17...
g5 18. Rad1 {[%cal Gd1d7]} Rd8 19. Bxc6 bxc6 20. Ne5 $18) 18. Rad1 Ng5 19. Bxg5
Bxg5 (19... hxg5 20. Rd7 $18) 20. Rd7 Nd8 21. Rc7 $18 {[%cal Ge1e8]}) 17... g5
18. Bf1 g4 19. Bxh3 $2 {White wins a pawn, but allows Black some activity.
Besides, there was no sense to exchange the bishop for such a poor knight.} ({
An easy win was} 19. b5 Nd8 20. Ne5 f5 21. Bd3 $18) 19... gxh3 20. Rh1 Rg8 $1
21. Rxh3 Rg2+ 22. Bd2 a5 (22... Rd8 23. Rd1 a5 24. a3 $16) 23. b5 Na7 24. a4
Rd8 {Black is a pawn down, but his rooks are active and if he eliminates the
pawn c5 he will have good chances to escape.} (24... Bxc5 25. Ng5 Kg8 26. Re1
$16 Rd8 $140 27. Rd3 $18 {[%csl Rg8]}) 25. Rah1 $2 {The idea to exchange one
of opponent's active rooks is correct, but White had to protect the pawn on c5
first. The point is that his extra pawn restricts both of his opponent's minor
pieces and it was vital for White to keep it.} (25. Rh5 $1 $16) 25... Bxc5 {
Now White's task is considerably more difficult.} 26. R1h2 Rxh2 27. Rxh2 Nc8
28. Rg2 Be7 $1 29. Rg7 Bf6 {Very good defense by Black. It turns out that
White's initial idea to gain the pawn on h7 is not dangerous for Black.} 30.
Bg5 {A forced exchange of the dark-squared bishops, after which Black can use
the weakness of the pawn h6.} (30. Rxh7 $2 Kg8 $19) 30... Rd6 $2 {Up to this
point Black defended very well, but here he goes wrong.} ({Correct was} 30...
Ke7 $1 {going with the king to a much more active square.} 31. Rxh7 (31. Bxf6+
Kxf6 $11 32. Rxh7 Nd6 {[%cal Gf6g6]} 33. Rg7 Rh8 $11) 31... Bxg5 32. Nxg5 Nd6 {
and White has problems to release his pieces and keep the pawn on h6:} 33. Rg7
Kf6 34. Nh7+ (34. Nf3 Rh8 $11) 34... Ke7 35. c4 Nf5 36. Rg5 Ke6 $11) 31. Bxf6
Rxf6 32. Rxh7 $2 {Again allowing Black to organize the defense.} (32. Ng5 Rf2+
(32... Rxh6 33. Rxf7+ Ke8 34. Rxb7 $18) 33. Kd3 Nd6 34. Nxh7+ Ke7 {[%csl Rh7]}
35. Ng5 Kf8 {[%csl Rg7]} 36. Rh7 Kg8 37. Rg7+ Kf8 38. b6 $36 {[%cal Gc3c4,
Gc4c5]}) (32. Ne5 $16 {[%cal Ge5d7]} Rxh6 $140 33. Rxf7+ Ke8 34. Rxb7 $18)
32... Kg8 $1 (32... Nd6 $2 33. Rh8+ Ke7 34. h7 Rh6 35. Ng5 $18) 33. Ng5 (33.
Rg7+ Kh8 34. Ng5 Nd6 {is the game}) 33... Nd6 34. Rg7+ Kh8 35. Kd3 b6 {An
amazing drawish position.} (35... Rxh6 $2 36. Rxf7 $16) 36. c4 (36. Ke3 $4 Nf5+
$19) (36. Ke2 Rxh6 37. Rxf7 Rh2+ 38. Rf2 Rxf2+ 39. Kxf2 Nc4 40. Ne4 Nb2 41. Ke3
Nxa4 42. Kd4 Kg7 43. c4 (43. Kd5 Kf7 44. Kc6 Ke6 $11) 43... Kf7 44. c5 bxc5+
45. Nxc5 Nb6 $11) (36. Ne4 Rxh6 $11) (36. Kd4 Rxh6 (36... Nf5+ $2 37. Ke5 Rxh6
38. Rxf7 $16) 37. Nxf7+ (37. Rxf7 Rh4+) 37... Kxg7 38. Nxh6 Kxh6 39. Kd5 Nxb5
40. axb5 Kg6 41. c4 a4 42. c5 a3 (42... bxc5 $4 43. Kc4 $1 $18) 43. cxb6 a2 44.
b7 a1=Q 45. b8=Q Qd1+ $11) 36... Rf4 $1 ({After} 36... Rf1 $2 {White can
release his pieces with} 37. c5 bxc5 38. Ne4 $16 {/+-}) 37. Ke3 ({After} 37. c5
bxc5 38. b6 {the simplest is} Rd4+ 39. Ke2 (39. Kc3 Rc4+) 39... Rb4 40. Nxf7+
Nxf7 41. Rxf7 Rxb6 42. Ra7 Rxh6 43. Rxa5 (43. Kd3 Rh3+ 44. Kc4 Rh4+ 45. Kb5
Rb4+ 46. Kxa5 Kg8 47. Rc7 Rc4 $1 48. Kb5 Rb4+ $11) 43... Rd6 44. Rxc5 Kg7 {
with an easy draw. For instance:} 45. Rf5 Kg6 46. Rf3 Ra6 47. Ra3 Kf5 48. Kd3
Ke5 49. Kc4 Kd6 50. Kb5 Ra8 51. a5 Kc7 $11) 37... Rxc4 38. Nxf7+ Nxf7 39. Rxf7
Rxa4 40. Rf6 Rb4 41. Rxb6 a4 42. Kd3 a3 43. Ra6 Rxb5 44. Rxa3 Rb6 45. Ra8+ Kh7
46. Ra7+ Kxh6 47. Ra5 1/2-1/2

[Event "FRA-ch"]
[Site "Val d'Isere"]
[Date "2002.08.28"]
[Round "9"]
[White "Skripchenko, Almira"]
[Black "Bacrot, Etienne"]
[Result "1/2-1/2"]
[WhiteElo "2497"]
[BlackElo "2653"]
[Annotator "Rogozenco,D"]
[PlyCount "47"]
[EventDate "2002.08.19"]
[EventType "tourn"]
[EventRounds "11"]
[EventCountry "FRA"]
[EventCategory "13"]
[SourceTitle "CBM 091"]
[Source "ChessBase"]
[SourceDate "2002.11.12"]
[SourceVersion "1"]
[SourceVersionDate "2002.11.12"]
[SourceQuality "1"]

1. e4 c5 2. Nf3 e6 3. c3 {It is well-known that with the pawn on e6 Alapin
Variation is quite attractive for White, since the diagonal c8-h3 is closed,
which limits Black's possibilities.} d5 4. exd5 Qxd5 (4... exd5 5. d4 {Leads
to the French type of positns, often with an IQP on d5.}) 5. d4 Nf6 6. Be2 {
Lately 6.Bd3 or 6.Be3 have been more popular.} Be7 7. O-O O-O {The alternative
was to take on d4. By refraining from it Black doesn't want to give square c3
for knight b1.} 8. c4 {The logical continuation - White uses his c-pawn to
gain more space.} Qd8 9. dxc5 {Now White gets a slight plus thanks to his
majority on the queenside, which for the moment looks slightly more worthy
than Black's 4 pawns versus 3 on the kingside. For those interested in such
type of positions, I would recommend to look at the game Morozevich-Lautier 
(not Almira, though!), Wijk aan Zee 2002. There Morozevich skillfully showed
that even in a completely harmless position the majority on the queenside
might play the decisive role, if the opponent is careless.} (9. Nc3 cxd4 $11)
9... Bxc5 10. Nc3 b6 11. a3 $14 Bb7 12. b4 Be7 13. Be3 Nbd7 (13... Nc6 {
For some reasons developing the knight to c6 is more popular, although both
moves are approximately of the same value.}) 14. h3 Qc7 15. Nb5 Qb8 16. Qb3 e5
(16... Ne5 $5 {White has space advantage and the attempt to trade some pieces
deserved attention.}) 17. Rfd1 Re8 18. Rac1 a6 {Black can hardly do without
this advance. White's point in provoking it was to weaken pawn b6, which now
will need permanent protection.} 19. Nc3 e4 20. Nd4 Qe5 21. Rd2 {White plays
without any risks. Doubling rooks on the d-file is the most natural way to
improve the position.} Rac8 22. Rcd1 Nf8 23. Nc2 {[%csl Rb6]} Rc6 (23... Qc7 {
was the move if Black wanted to continue the game. Apparently he was happy
with a draw, which objectively speaking is the right decision.}) 24. Nd4 {
A typical case when the player with White secured a draw against stronger
opponent by making good, but rather non-ambitious moves. It is difficult with
Black to fight against such a strategy, all the more when White has a pleasant
plus in a position with no weaknesses.} 1/2-1/2

[Event "RUS-ch"]
[Site "Krasnodar"]
[Date "2002.08.27"]
[Round "1"]
[White "Asylguzhin, Radik"]
[Black "Loginov, Valery A"]
[Result "0-1"]
[WhiteElo "2353"]
[BlackElo "2526"]
[Annotator "Rogozenco,D"]
[PlyCount "64"]
[EventDate "2002.08.27"]
[EventType "swiss"]
[EventRounds "9"]
[EventCountry "RUS"]
[SourceTitle "CBM 091"]
[Source "ChessBase"]
[SourceDate "2002.11.12"]
[SourceVersion "1"]
[SourceVersionDate "2002.11.12"]
[SourceQuality "1"]

1. e4 c5 2. c3 d5 3. exd5 Qxd5 4. d4 Nf6 5. Nf3 Bg4 6. dxc5 Qxd1+ {There are
quite a lot of games with this move, although neither ECO nor Sveshnikov's B22
Monograph mention it.} (6... Qxc5 {is the traditional way to equalize.}) 7.
Kxd1 e5 8. b4 e4 {Now the next several moves are forced.} (8... Nc6 9. Kc2 $14)
9. h3 Bh5 10. g4 Nxg4 11. hxg4 Bxg4 12. Nbd2 h5 {Loginov's patent. The point
of delaying ...exf3 is that Black avoids the quick Bd3-e4 plan. Pushing
kingside pawns is main Black's idea, so 12...h5 looks logical. However, while
the position remains far from clear (both sides push pawns on different wings,
which always require a very concrete approach), White's chances look somewhat
preferable.} (12... exf3 13. Bd3 $1 Nc6 (13... Nd7 14. Re1+ Be7 15. Kc2 h5 16.
Be4 O-O-O 17. Nc4 Bxc5 18. Na5 Rde8 19. Bxb7+ {1/2-1/2 Potkin,V-Popov,V/Batumi
2002}) 14. Re1+ Be7 15. Kc2 (15. Be4 Rd8 16. Kc2 Ne5 17. Nb3 O-O 18. Bf4 Nc4
19. Nd4 Bh4 20. Rh1 g5 21. Rxh4 gxh4 22. Bxb7 $18 {1-0 Godena,M-Genocchio,D/
Saint Vincent 1998/ (36)}) 15... a6 16. Be4 Rc8 17. a4 h5 18. Ba3 Rh6 19. Nxf3
Rf6 20. Re3 Rf4 21. Bd5 Rd8 22. Bxc6+ bxc6 23. Nd4 Rxf2+ 24. Kb3 Be6+ 25. Nxe6
fxe6 26. Rxe6 Kf7 27. Rxc6 $16 {1-0 Relange,E-Nunn,J/Hastings 1998 (38)}) 13.
Bh3 (13. Kc2 exf3 14. Nc4 Nc6 15. Bf4 Be6 16. a4 Be7 17. a5 a6 18. Re1 Kf8 19.
Nb6 Rd8 20. Bh3 Bxh3 21. Rxh3 g5 22. Bc7 g4 23. Bxd8 {1/2-1/2 Alekseev,
E-Loginov,V/St Petersburg 2000}) 13... Bxh3 14. Rxh3 exf3 15. Nxf3 Nc6 16. Be3
f6 17. Nd4 (17. Kc2 O-O-O 18. b5 $5) 17... Nxd4 (17... O-O-O 18. Kc2) 18. cxd4
O-O-O 19. Kc2 Be7 20. Rah1 g6 21. Kd3 Rh7 22. Kc4 Re8 23. d5 (23. b5 $5) 23...
Bd8 {It might appear that White has a clear advantage thanks to the
possibility to push further the pawns, while Black cannot push pawns on the
kingside, but in fact thigs are not that simple.  The problem is that white
pawns cannot do anything without being supported by pieces. The king on c4 is
rather a drawback for White, since it only gives Black additional tactical
possibilities. It is true that Black cannot push his own pawns, but once they
will start to roll, it will be more difficult to stop them, because white king
is far away from kingside.} 24. d6 Re4+ 25. Bd4 h4 {Finally Black succeeded to
advance the h-pawn.} 26. b5 Rh5 27. f3 $2 {Closing the third rank means that
the rook remains cutted off on h3.} (27. Ra3 $5 {As usual in such sharp
positions, a precise play is required in order to take over the initiative.}
Kb8 28. Rd3 $1 {the advance c5-c6 becomes a real threat and Black starts to
have problems.}) (27. c6 $2 bxc6 28. bxc6 Bb6 $132 {[%cal Gh5c5]}) 27... Rf4 {
Now Black's chances are preferable.} 28. Rg1 $2 {The second mistake in a row
makes White's position critical.} (28. Rd1 {It was a necessity to protect the
bishop in order to free the king. Still Black is better after} Kd7 {because
White cannot push the pawns.}) 28... b6 $1 {An unexpected blow on the
queenside.} 29. Kc3 bxc5 30. Be3 Ra4 31. Rxg6 Ra3+ 32. Kd2 Rd5+ (32... Rd5+ 33.
Ke2 Rxa2+ 34. Ke1 Ba5+ $19) 0-1

[Event "GER-ch 73th"]
[Site "Altenkirchen"]
[Date "2001.12.08"]
[Round "9"]
[White "Kleeschaetzky, Rainer"]
[Black "Gutman, Lev"]
[Result "1/2-1/2"]
[WhiteElo "2318"]
[BlackElo "2488"]
[Annotator "Rogozenco,D"]
[PlyCount "83"]
[EventDate "2001.11.30"]
[EventType "swiss"]
[EventRounds "9"]
[EventCountry "GER"]
[SourceTitle "CBM 087"]
[Source "ChessBase"]
[SourceDate "2002.03.21"]
[SourceVersion "1"]
[SourceVersionDate "2002.03.21"]
[SourceQuality "1"]

1. e4 c5 2. c3 Nf6 3. e5 Nd5 4. Nf3 d6 5. d4 cxd4 6. cxd4 Nc6 7. Bc4 Nb6 8. Bb5
dxe5 9. Nxe5 Bd7 10. Nc3 e6 11. Bxc6 Bxc6 12. Nxc6 bxc6 13. Qg4 h5 {A typical
reaction to White's queen "sortie" on g4, but I don't really see why should
Black expose his kingside pawns so early.} (13... Qf6 {is a safer alternative:}
14. O-O Be7 15. Be3 Qg6 16. Qf3 Nd5 17. Rac1 O-O $11 {1/2-1/2 Ghaem Maghami,
E-Khruschiov,A/Oropesa del Mar 2000 (24)}) 14. Qf3 Rc8 15. Be3 {This natural
move which protects d4 is in fact a novelty. White goes for a simple position
with a slight edge.} (15. O-O Qxd4 16. Bf4 Be7 17. Rfe1 $44 {1-0 Sveshnikov,
E-Browne,W/Novi Sad 1979 (57)}) 15... Be7 16. O-O g6 {A direct consequence of
13. ... h5.} 17. Rac1 O-O 18. Rc2 Nd5 19. Rfc1 Nb4 20. Rd2 {Although the
position is close to equal, White's chances are preferable. The pawn on c6 is
easier to attack than the one on d4. Also kingside weaknesses in Black's camp
of course favour White.} Qa5 21. a3 Nd5 22. Rdc2 Rb8 23. Bh6 Rfd8 24. b4 $1 Qb6
(24... Qxa3 $2 25. Nxd5 $18) 25. Nxd5 $1 Rxd5 (25... cxd5 $2 26. Rc7 $18 Rb7
27. Rxe7 Rxe7 28. Qf6) 26. Rxc6 Qxd4 27. Be3 Qb2 28. Bxa7 $2 (28. Rc7 Rbd8 29.
g3 $16) 28... Rbd8 ({Here Black missed a tactical shot:} 28... Bc5 $1 {[%csl
Ra7,Rc1]} 29. R6xc5 Rxc5 30. Rf1 Rf5 31. Qd3 (31. Qxf5 gxf5 32. Bxb8 Qxa3 33.
Bd6 f6 $17) 31... Ra8 $17) 29. Rc8 Kg7 30. h4 (30. g3 Rd3 31. Be3 Qxa3 32. b5
h4 33. Rxd8 Bxd8 34. Rd1 Rxd1+ 35. Qxd1 Bf6 {[%cal Gh4h3]}) (30. h3 $142 $14)
30... Rd3 31. Be3 R8d7 (31... Qxa3) 32. R8c7 Bxh4 33. Rxd7 Rxd7 34. Rd1 $2 (34.
Qf4 $1 $16 Be7 $140 (34... Bd8 35. a4 $16) 35. Qh6+ Kg8 36. Rc8+ Rd8 (36... Bd8
37. Bg5 $16 {/+-.}) 37. Rxd8+ Bxd8 38. Bc5 Qb1+ 39. Kh2 Bc7+ 40. g3 Qf5 41. a4
$16) 34... Rxd1+ 35. Qxd1 Qxa3 36. b5 Bf6 37. b6 Qb4 38. g3 h4 39. gxh4 Qxh4
40. b7 Qb4 41. Qd7 Be5 42. Qc8 {White plans Ba7 and b8Q, so Black must give
perpetual.} 1/2-1/2